Exploring Exporting Firms’ Adaptability and Competitiveness Configurations in Relation to Export Customer Satisfaction in COVID-19 Times
Tento dokument sa zameriava na dynamické schopnosti exportérov počas pandémie, konkrétne na adaptabilitu exportu – keďže je základom reakcie na pandémiu a jej zvládania. COVID-19 prejavil náhlu pretrvávajúcu neistotu s vážnymi dôsledkami pre medzinárodné operácie, narušil globálne hodnotové reťazce...
Guardado en:
| Autor principal: | |
|---|---|
| Otros Autores: | , |
| Formato: | Capítulo de libro |
| Lenguaje: | inglés |
| Materias: | |
| Etiquetas: |
Sin Etiquetas, Sea el primero en etiquetar este registro!
|
MARC
| LEADER | 00000naa a2200000 4500 | ||
|---|---|---|---|
| 001 | 0303300 | ||
| 005 | 20240731131029.2 | ||
| 041 | 0 | |a eng | |
| 044 | |a CZ | ||
| 245 | 1 | 0 | |a Exploring Exporting Firms’ Adaptability and Competitiveness Configurations in Relation to Export Customer Satisfaction in COVID-19 Times |c Valeska V. Geldres-Weiss, Joaquín Monreal-Pérez, Nathaniel P. Massa |
| 520 | |a Tento dokument sa zameriava na dynamické schopnosti exportérov počas pandémie, konkrétne na adaptabilitu exportu – keďže je základom reakcie na pandémiu a jej zvládania. COVID-19 prejavil náhlu pretrvávajúcu neistotu s vážnymi dôsledkami pre medzinárodné operácie, narušil globálne hodnotové reťazce a ovplyvnil svetový obchod s ničivým účinkom – čo si zásadne vyžadovalo, aby sa exportujúce firmy rýchlo prispôsobili a prekonali zmätok. Ciele výskumu sú dvojaké: preskúmať kombinovaný vplyv dynamických schopností firiem v oblasti exportnej adaptability spolu so špecifickými charakteristikami exportéra na spokojnosť exportných zákazníkov v čase COVID-19; analyzovať zmierňujúci účinok konkurenčnej výhody firiem na tento vzťah. Naša štúdia skúma spoločnosti vyvážajúce agropotravinárske výrobky v Čile, krajine v tomto sektore orientovanej na export. | ||
| 610 | 2 | 0 | |a vývoz |
| 610 | 2 | 0 | |a agropotravinárstvo |
| 610 | 2 | 0 | |a potravinárstvo |
| 610 | 2 | 0 | |a konkurencia |
| 610 | 2 | 0 | |a koronavírus |
| 100 | 1 | |a Geldres-Weiss, Valeska V. | |
| 700 | 1 | |a Monreal-Pérez, Joaquín | |
| 700 | 1 | |a Massa, Nathaniel P. | |